Calculus : (Record no. 14712)
[ view plain ]
| 000 -LEADER | |
|---|---|
| fixed length control field | 01328nam a2200349 i 4500 |
| 001 - CONTROL NUMBER | |
| control field | 13690659 |
| 003 - CONTROL NUMBER IDENTIFIER | |
| control field | EG-ScBUE |
| 005 - DATE AND TIME OF LATEST TRANSACTION | |
| control field | 20241002100831.0 |
| 008 - FIXED-LENGTH DATA ELEMENTS--GENERAL INFORMATION | |
| fixed length control field | 040818t2005 maua f 001 0 eng d |
| 020 ## - INTERNATIONAL STANDARD BOOK NUMBER | |
| International Standard Book Number | 0763729477 (alk. paper) |
| 020 ## - INTERNATIONAL STANDARD BOOK NUMBER | |
| International Standard Book Number | 9780763729479 |
| 040 ## - CATALOGING SOURCE | |
| Original cataloging agency | DLC |
| Language of cataloging | eng |
| Description conventions | rda |
| Transcribing agency | DLC |
| Modifying agency | DLC |
| -- | EG-ScBUE |
| 082 04 - DEWEY DECIMAL CLASSIFICATION NUMBER | |
| Classification number | 515 |
| Edition number | 22 |
| Item number | COH |
| 100 1# - MAIN ENTRY--PERSONAL NAME | |
| Personal name | Cohen, David W. |
| Fuller form of name | (David Warren), |
| Dates associated with a name | 1940- |
| Relator term | author. |
| 9 (RLIN) | 19912 |
| 245 10 - TITLE STATEMENT | |
| Title | Calculus : |
| Remainder of title | the language of change / |
| Statement of responsibility, etc | David W. Cohen and James M. Henle, Smith College. |
| 264 #1 - PUBLICATION, DISTRIBUTION, ETC. (IMPRINT) | |
| Place of publication, distribution, etc | Sudbury, Mass. : |
| Name of publisher, distributor, etc | Jones and Bartlett Publishers, |
| Date of publication, distribution, etc | [2005] |
| 264 #4 - PUBLICATION, DISTRIBUTION, ETC. (IMPRINT) | |
| Date of publication, distribution, etc | c2005 |
| 300 ## - PHYSICAL DESCRIPTION | |
| Extent | xvii, 988 pages : |
| Other physical details | illustrations (some color) ; |
| Dimensions | 29 cm |
| 336 ## - CONTENT TYPE | |
| Source | rdacontent |
| Content type term | text |
| Content type code | txt |
| 337 ## - MEDIA TYPE | |
| Media type term | unmediated |
| Source | rdamedia |
| Media type code | n |
| 338 ## - CARRIER TYPE | |
| Carrier type term | volume |
| Carrier type code | nc |
| Source | rdacarrier |
| 500 ## - GENERAL NOTE | |
| General note | Includes index. |
| 500 ## - GENERAL NOTE | |
| General note | Includes Appendices.<br/> |
| 650 #7 - SUBJECT ADDED ENTRY--TOPICAL TERM | |
| Topical term or geographic name as entry element | Fractional calculus. |
| Source of heading or term | BUEsh |
| 9 (RLIN) | 19914 |
| 650 #7 - SUBJECT ADDED ENTRY--TOPICAL TERM | |
| Topical term or geographic name as entry element | Functions. |
| Source of heading or term | BUEsh |
| 9 (RLIN) | 19915 |
| 650 #7 - SUBJECT ADDED ENTRY--TOPICAL TERM | |
| 9 (RLIN) | 19913 |
| Topical term or geographic name as entry element | Calculus |
| Form subdivision | Textbooks. |
| Source of heading or term | BUEsh |
| 655 ## - INDEX TERM--GENRE/FORM | |
| Form subdivision | Reading book |
| 700 1# - ADDED ENTRY--PERSONAL NAME | |
| Personal name | Henle, James M., |
| Relator term | author. |
| 9 (RLIN) | 19916 |
| 856 41 - ELECTRONIC LOCATION AND ACCESS | |
| Materials specified | Table of contents |
| Uniform Resource Identifier | <a href="http://www.loc.gov/catdir/toc/ecip0422/2004019609.html">http://www.loc.gov/catdir/toc/ecip0422/2004019609.html</a> |
| 942 ## - ADDED ENTRY ELEMENTS (KOHA) | |
| Source of classification or shelving scheme | Dewey Decimal Classification |
| Koha item type | Book - Borrowing |
| Withdrawn status | Lost status | Source of classification or shelving scheme | Damaged status | Not for loan | Collection code | Home library | Current library | Shelving location | Date acquired | Source of acquisition | Total Checkouts | Full call number | Barcode | Date last seen | Price effective from | Koha item type | Total Renewals | Checked out | Date checked out |
|---|---|---|---|---|---|---|---|---|---|---|---|---|---|---|---|---|---|---|---|
| Dewey Decimal Classification | Baccah | Central Library | Central Library | First floor | 26/09/2010 | 515 COH | 000021866 | 15/07/2025 | 26/09/2010 | Book - Borrowing | |||||||||
| Dewey Decimal Classification | Baccah | Central Library | Central Library | First floor | 26/09/2010 | 2 | 515 COH | 000021867 | 28/10/2024 | 26/09/2010 | Book - Borrowing | 1 | 09/11/2024 | 28/10/2024 | |||||
| Dewey Decimal Classification | Baccah | Central Library | Central Library | First floor | 26/09/2010 | 1 | 515 COH | 000021868 | 15/07/2025 | 26/09/2010 | Book - Borrowing | 4 | 20/10/2016 | ||||||
| Dewey Decimal Classification | Baccah | Central Library | Central Library | First floor | 26/09/2010 | 515 COH | 000021869 | 15/07/2025 | 26/09/2010 | Book - Borrowing | |||||||||
| Dewey Decimal Classification | Baccah | Central Library | Central Library | First floor | 26/09/2010 | 515 COH | 000021870 | 15/07/2025 | 26/09/2010 | NB - Book (Non borrowing) | |||||||||
| Dewey Decimal Classification | Baccah | Central Library | Central Library | First floor | 26/09/2010 | 1 | 515 COH | 000021871 | 15/07/2025 | 26/09/2010 | Book - Borrowing | 7 | 14/01/2018 |